00859nas a22001937i 45000010005000000030004000050050017000090070003000260080041000290220014000700240014000840240020000980400008001182450182001262600034003081100090003428660046004328660187004785827OSt20170126082350.0tu161220s xxu||||| |||| 00| 0 d a0342-17837 a58272RID7 a58272RSN (alt) cOSt00aZeitschrift für Wirtschafts- und Sozialwissenschaften (ZWS)bVierteljahreszeitschrift der Gesellschaft für Wirtschafts- und Sozialwissenschaften - Verein für Socialpolitik aBerlin :bDuncker u. Humblot.2 aGesellschaft für Wirtschafts- und Sozialwissenschaften - Verein für Socialpolitik 0u1993 113/1 - 1999 119/4 (unvollständig) 0uBestände unvollständig

vorhanden:
1993 113/1 - 1997 117/3
1998 118/1 - 1999 119/4
Jahrestagung 1995
Jahrestagung 1998

fehlende Bestände:
1997 117/4